| 000 | 04835cas a22008771 4500 | ||
|---|---|---|---|
| 001 | 0000009420 | ||
| 005 | 20151217161140.0 | ||
| 008 | 081021c xxur p 0 0eng d | ||
| 022 | _a0422-1419 | ||
| 040 |
_aKABU _cKABU |
||
| 245 | 0 | 4 | _aThe Eastern Africa law reports. |
| 260 |
_aNairobi : _bLawAfrica Publishing., _c1957-. |
||
| 300 | _av. | ||
| 310 |
_aTwo no. a year, _b1999-2005 |
||
| 321 |
_aFour issues a year, _b1969-1972 |
||
| 321 |
_aThree issues a year, _b1973-1974 |
||
| 500 | _aIssues for 1957-1975 consist of cases from the Court of Appeal for East Africa, the Superior Courts of the Constuent Territories [Aden, Seychelles, Somaliland] and the Privy Council on appeal from the above courts; 1999-2001 consists of cases from the High Court and others from East African courts, and Court of Justice for the Common Market for Eastern and Southern Africa; 2002 - consists of cases from Courts of Appeal and High Courts of Kenya, Tanzania and Uganda. | ||
| 650 | 0 |
_aLaw reports, digests, etc _xPeriodicals. _zAfrica, East. _@0000160858 |
|
| 650 | 0 |
_aPeriodicals _vDirectories. _@0000156691 |
|
| 710 | 2 |
_aCourt of Appeal for Eastern Africa. _@0000160859 |
|
| 710 | 2 |
_aKenya. _bHigh Court. _@0000160860 |
|
| 710 | 2 |
_aTanzania. _bHigh Court. _@0000160861 |
|
| 710 | 2 |
_aUganda. _bHigh Court. _@0000160862 |
|
| 852 | 1 | _9p15100 KES | |
| 852 | 1 | _9p15100 KES | |
| 852 | 1 | _9p8000 KES | |
| 852 | 1 | _9p8200 KES | |
| 852 | 1 | _9p8200 KES | |
| 908 | _a081021 | ||
| 950 | _@1 | ||
| 999 |
_c15085 _d15085 |
||